00506nam a2200157Ia 4500008004100000020001400041082001600055100001900071245008700090250000700177260004500184300002900229500001900258600002100277650005000298240925s9999 xx 000 0 und d a135708133 a005.758 FAN aFang ,Walter - 0aVisual Age for Smalltalk and SOMobject: developing distributed object applications aNA aNew Jersey:bPrintice- Hall Int.c,1997. axxiv,276p.bNAfOriginal aIncludes Index aComputer Science aComputer science, information & general works